{"text_format":"3","workbook":"xlsx","n_sheets":1,"sheets":["Протокол ШЭ ВОШ по предмету"],"not_rendered":{"defined_names":1},"read":"whole","date_system":"1900"}

{"sheet":"Протокол ШЭ ВОШ по предмету","index":0,"n_rows":26,"n_cols":15,"rows_kept":26}
["№","Фамилия","Имя","Отчество","Дата рождения","Пол","Участник с ОВЗ (да/нет)","Класс обучения","Класс участия","Балл","Максимальный балл","Статус","Призёр муниципального этапа прошлого года","ФИО учителя","Место работы учителя"]
[1,"Марданова","Мадина","Руслановна","2009-05-19","Ж","нет",7,7,58,70,"победитель","нет","Квитко Мария Владимировна","Муниципальное бюджетное общеобразовательное учреждение \"Школа №1000\" г.Казани Республики Татарстан"]
[2,"Беляев","Александр","Владиславович","2008-12-01","М","нет",7,7,22,70,"участник","нет","Файзуллин Динар Ринатович","Муниципальное бюджетное общеобразовательное учреждение \"Многопрофильный лицей№187\" г.Казани Республики Татарстан"]
[3,"Шарипов","Эмиль","Дамирович","2008-12-22","М","нет",7,7,51,70,"призёр","нет","Файзуллин Динар Ринатович","Муниципальное бюджетное общеобразовательное учреждение \"Многопрофильный лицей№187\" г.Казани Республики Татарстан"]
[4,"Хайруллин","Альберт","Саматович","2008-02-08","М","нет",8,8,20,70,"участник","нет","Квитко Мария Владимировна","Муниципальное бюджетное общеобразовательное учреждение \"Многопрофильный лицей№187\" г.Казани Республики Татарстан"]
[5,"Калимуллина","Самина","Расильевна","2008-08-08","Ж","нет",8,8,54,70,"призёр","нет","Квитко Мария Владимировна","Муниципальное бюджетное общеобразовательное учреждение \"Многопрофильный лицей№187\" г.Казани Республики Татарстан"]
[6,"Хайрова","Наргиза","Ильдусовна","2007-12-26","Ж","нет",8,8,26,70,"участник","нет","Квитко Мария Владимировна","Муниципальное бюджетное общеобразовательное учреждение \"Многопрофильный лицей№187\" г.Казани Республики Татарстан"]
[7,"Миронова","Елизавета","Александровна","2006-03-30","Ж","нет",10,10,32,100,"участник","нет","Файзуллина Альбина Маликовна","Муниципальное бюджетное общеобразовательное учреждение \"Многопрофильный лицей№187\" г.Казани Республики Татарстан"]
[8,"Гаранин","Владимир","Дмитриевич","2006-07-03","М","нет",10,10,76,100,"победитель","нет","Файзуллина Альбина Маликовна","Муниципальное бюджетное общеобразовательное учреждение \"Многопрофильный лицей№187\" г.Казани Республики Татарстан"]
[9,"Бороднев","Олег","Егорович","2006-09-01","М","нет",10,10,72,100,"призёр","нет","Файзуллина Альбина Маликовна","Муниципальное бюджетное общеобразовательное учреждение \"Многопрофильный лицей№187\" г.Казани Республики Татарстан"]
[10,"Хабибуллин","Ильсаф","Ильмирович","2005-05-15","М","нет",10,10,36,100,"участник","нет","Файзуллина Альбина Маликовна","Муниципальное бюджетное общеобразовательное учреждение \"Многопрофильный лицей№187\" г.Казани Республики Татарстан"]
[11,"Емене","Элизабет","Анулика","2006-06-22","Ж","нет",10,10,48,100,"участник","нет","Файзуллина Альбина Маликовна","Муниципальное бюджетное общеобразовательное учреждение \"Многопрофильный лицей№187\" г.Казани Республики Татарстан"]
[12,"Репина","Ксения","Владимировна","2006-05-11","М","нет",10,10,46,100,"участник","нет","Файзуллина Альбина Маликовна","Муниципальное бюджетное общеобразовательное учреждение \"Многопрофильный лицей№187\" г.Казани Республики Татарстан"]
[13,"Сайфуллин","Ратмир","Рамилевич","2006-11-11","М","нет",10,10,49,100,"участник","нет","Файзуллина Альбина Маликовна","Муниципальное бюджетное общеобразовательное учреждение \"Многопрофильный лицей№187\" г.Казани Республики Татарстан"]
[14,"Соколикова","Елизавета","Олеговна","2007-03-05","Ж","нет",9,9,42,100,"участник","нет","Файзуллин Динар Ринатович","Муниципальное бюджетное общеобразовательное учреждение \"Многопрофильный лицей№187\" г.Казани Республики Татарстан"]
[15,"Насибуллина","Аделя","Айратовна","2007-10-28","Ж","нет",9,9,46,100,"участник","нет","Файзуллин Динар Ринатович","Муниципальное бюджетное общеобразовательное учреждение \"Многопрофильный лицей№187\" г.Казани Республики Татарстан"]
[16,"Мухаметзянова","Айгуль","Эльнаровна","2007-06-10","Ж","нет",9,9,31,100,"участник","нет","Файзуллин Динар Ринатович","Муниципальное бюджетное общеобразовательное учреждение \"Многопрофильный лицей№187\" г.Казани Республики Татарстан"]
[17,"Сафина","Анастасия","Тимуровна","2007-04-18","Ж","нет",9,9,46,100,"участник","нет","Файзуллин Динар Ринатович","Муниципальное бюджетное общеобразовательное учреждение \"Многопрофильный лицей№187\" г.Казани Республики Татарстан"]
[18,"Сахибуллина","Самира","Рустемовна","2007-06-18","Ж","нет",9,9,56,100,"призёр","нет","Файзуллин Динар Ринатович","Муниципальное бюджетное общеобразовательное учреждение \"Многопрофильный лицей№187\" г.Казани Республики Татарстан"]
[19,"Мухутдинова","Лилия","Фаннуровна","2007-07-05","Ж","нет",9,9,40,100,"участник","нет","Файзуллин Динар Ринатович","Муниципальное бюджетное общеобразовательное учреждение \"Многопрофильный лицей№187\" г.Казани Республики Татарстан"]
[20,"Гилязова","Сюмбель","Радифовна","2007-03-06","Ж","нет",9,9,36,100,"участник","нет","Файзуллин Динар Ринатович","Муниципальное бюджетное общеобразовательное учреждение \"Многопрофильный лицей№187\" г.Казани Республики Татарстан"]
[21,"Хасанова","Азалия","Ленаровна","2007-08-09","Ж","нет",9,9,36,100,"участник","нет","Файзуллин Динар Ринатович","Муниципальное бюджетное общеобразовательное учреждение \"Многопрофильный лицей№187\" г.Казани Республики Татарстан"]
[22,"Абросимов","Даниил","Владиславович","2007-04-10","М","нет",9,9,46,100,"участник","нет","Файзуллин Динар Ринатович","Муниципальное бюджетное общеобразовательное учреждение \"Многопрофильный лицей№187\" г.Казани Республики Татарстан"]
[23,"Гиззатуллина","Самира","Ильясовна","2007-05-23","Ж","нет",9,9,72,100,"победитель","нет","Файзуллин Динар Ринатович","Муниципальное бюджетное общеобразовательное учреждение \"Многопрофильный лицей№187\" г.Казани Республики Татарстан"]
[24,"Кувшинов","Роман","Иванович","2007-01-29","М","нет",9,9,38,100,"участник","нет","Файзуллин Динар Ринатович","Муниципальное бюджетное общеобразовательное учреждение \"Многопрофильный лицей№187\" г.Казани Республики Татарстан"]
[25,"Тазиев","Нияз","Наилевич","2007-02-05","М","нет",9,9,40,100,"участник","нет","Файзуллин Динар Ринатович","Муниципальное бюджетное общеобразовательное учреждение \"Многопрофильный лицей№187\" г.Казани Республики Татарстан"]